<?xml version="1.0" encoding="UTF-8"?>
<record
    xmlns:xsi="http://www.w3.org/2001/XMLSchema-instance"
    xsi:schemaLocation="http://www.loc.gov/MARC21/slim http://www.loc.gov/standards/marcxml/schema/MARC21slim.xsd"
    xmlns="http://www.loc.gov/MARC21/slim">

  <leader>02133nam a22002657a 4500</leader>
  <controlfield tag="005">20141125113625.0</controlfield>
  <datafield tag="010" ind1=" " ind2=" ">
    <subfield code="a">ENG-111281</subfield>
  </datafield>
  <datafield tag="020" ind1=" " ind2=" ">
    <subfield code="a">9789332901766</subfield>
    <subfield code="c">2048.00</subfield>
  </datafield>
  <datafield tag="020" ind1=" " ind2=" ">
    <subfield code="a">9332901767</subfield>
    <subfield code="c">2048.00</subfield>
  </datafield>
  <datafield tag="035" ind1=" " ind2=" ">
    <subfield code="a">EN-94813</subfield>
  </datafield>
  <datafield tag="037" ind1=" " ind2=" ">
    <subfield code="b">DBAD/PUB</subfield>
  </datafield>
  <datafield tag="082" ind1=" " ind2=" ">
    <subfield code="a">332.6</subfield>
  </datafield>
  <datafield tag="100" ind1=" " ind2=" ">
    <subfield code="a">Wasik, John F.</subfield>
  </datafield>
  <datafield tag="245" ind1=" " ind2=" ">
    <subfield code="a">Keynes's way to wealth :</subfield>
    <subfield code="c">by John F. Wasik</subfield>
    <subfield code="b">timeless investment lessons from the great economist /</subfield>
  </datafield>
  <datafield tag="260" ind1=" " ind2=" ">
    <subfield code="a">New Delhi</subfield>
    <subfield code="b">McGraw Hill Education</subfield>
    <subfield code="c">2014</subfield>
  </datafield>
  <datafield tag="270" ind1=" " ind2=" ">
    <subfield code="a">P-24, Green Park Extention</subfield>
    <subfield code="b">New Delhi</subfield>
    <subfield code="e">110016</subfield>
  </datafield>
  <datafield tag="300" ind1=" " ind2=" ">
    <subfield code="a">xxxv,195p.</subfield>
    <subfield code="c">23cm(pbk)</subfield>
  </datafield>
  <datafield tag="500" ind1=" " ind2=" ">
    <subfield code="a">Includes bibliographical references and index</subfield>
  </datafield>
  <datafield tag="520" ind1=" " ind2=" ">
    <subfield code="a"> "How John Maynard Keynes became one of the greatest stock investors of all time--and how you can replicate his successKeynes was not only one of the most influential economists of the 20th Century but also a savvy investor who financially advised Winston Churchill and FDR.Keynes&#x2019;s Way to Wealth presents the legendary economist&#x2019;s most powerful investment principles and strategies, including buying quality stocks and holding them, trading commodities, ignoring short-term news, building portfolios with opposed risks, the upside to being a contrarian, and the power of dividends.Including original research from the Keynes Archive at King&#x2019;s College, the book dissects what Keynes owned, how he bought and sold, and how his theories guided his decisions throughout his life. Ultimately, this is a guide to the portfolio management style of the most successful investors in the world, such as Benjamin Graham, Warren Buffett, and Charles Munger--all of whom have adopted similar methods as Keynes.John Wasik has covered investor protection issues for more than a quarter century and won 18 awards for his work, most of it for investigations conducted during his 15-year tenure as a special projects editor at Consumers Digest magazine. "-- |c Provided by publisher.</subfield>
  </datafield>
  <datafield tag="600" ind1=" " ind2=" ">
    <subfield code="a"> Keynes, John Maynard,</subfield>
    <subfield code="d">1883-1946.</subfield>
  </datafield>
  <datafield tag="650" ind1=" " ind2=" ">
    <subfield code="a"> Portfolio management.</subfield>
  </datafield>
  <datafield tag="650" ind1=" " ind2=" ">
    <subfield code="a"> Investment analysis.</subfield>
  </datafield>
  <datafield tag="650" ind1=" " ind2=" ">
    <subfield code="a"> Investment analysis.</subfield>
  </datafield>
  <datafield tag="942" ind1=" " ind2=" ">
    <subfield code="2">ddc</subfield>
    <subfield code="c">EN</subfield>
    <subfield code="m">WAS</subfield>
    <subfield code="h">332.6</subfield>
  </datafield>
  <datafield tag="999" ind1=" " ind2=" ">
    <subfield code="c">90137</subfield>
    <subfield code="d">90137</subfield>
  </datafield>
  <datafield tag="952" ind1=" " ind2=" ">
    <subfield code="0">0</subfield>
    <subfield code="1">0</subfield>
    <subfield code="4">0</subfield>
    <subfield code="7">1</subfield>
    <subfield code="8">NFIC</subfield>
    <subfield code="a">DBAD</subfield>
    <subfield code="b">DBAD</subfield>
    <subfield code="d">2014-11-18</subfield>
    <subfield code="e">DBAD/PUB</subfield>
    <subfield code="g">2048.00</subfield>
    <subfield code="l">0</subfield>
    <subfield code="o">332.6 WAS</subfield>
    <subfield code="p">EN-94813</subfield>
    <subfield code="r">2014-11-18 00:00:00</subfield>
    <subfield code="t">1</subfield>
    <subfield code="v">2048.00</subfield>
    <subfield code="y">EN</subfield>
  </datafield>
</record>
